2019/20 Premier League Teams' Top Scorer - Statistics

General Stats
  • This quiz has been taken 34 times
  • The average score is 13 of 20
Answer Stats
Club Goals Answer % Correct
Leicester City 23 Jamie Vardy
96%
Tottenham Hotspur 18 Harry Kane
92%
Manchester United 17 Marcus Rashford
92%
Liverpool 19 Mohamed Salah
92%
Arsenal 22 Pierre-Emerick Aubameyang
88%
Manchester City 20 Raheem Sterling
83%
Southampton 22 Danny Ings
79%
Chelsea 15 Tammy Abraham
75%
Norwich 11 Teemu Pukki
75%
AFC Bournemouth 7 Callum Wilson
71%
Wolverhampton 17 Raul Jimenez
71%
Burnley 14 Chris Wood
63%
Everton 15 Dominic Calvert-Lewin
63%
Aston Villa 8 Jack Grealish
63%
Watford 10 Troy Deeney
63%
West Ham 10 Michail Antonio
54%
Brighton 10 Neal Maupay
46%
Crystal Palace 9 Jordan Ayew
29%
Sheffield United 6 Oliver McBurnie
29%
Newcastle 6 Jonjo Shelvey
13%
No matching quizzes found
Score Distribution
Percent of People with Each Score
Percentile by Number Answered
Your Score History
You have not taken this quiz